Manažment výnosov využívajúci odlišné cenové stratégie bakalárska práca

Guardado en:
Detalles Bibliográficos
Autor principal: Rerichová, Karina
Autor Corporativo: Fakulta podnikového manažmentu EU. Katedra manažmentu
Otros Autores: Papulová, Emília
Formato: Libro
Lenguaje:eslovaco
Publicado: Bratislava 2015
Etiquetas: Agregar Etiqueta
Sin Etiquetas, Sea el primero en etiquetar este registro!

MARC

LEADER 00000nbm a2200000 4500
001 0202913
005 20161212102114.0
041 0 |a slo 
044 |a SK 
245 1 0 |a Manažment výnosov využívajúci odlišné cenové stratégie  |b bakalárska práca  |c Karina Rerichová ; školiteľ: Emília Papulová 
264 1 |a Bratislava  |c 2015 
300 |a 65 s. 
100 1 |a Rerichová, Karina 
700 1 |a Papulová, Emília 
710 2 |a Fakulta podnikového manažmentu EU. Katedra manažmentu